[Event "IECC O-1714"]
[Site "IECC email"]
[Date "2003.07.24"]
[Round "?"]
[White "Lundin, Michael David"]
[Black "Dove, Al"]
[Result "1-0"]
[WhiteElo "1032"]
[BlackElo "1200"]
[PlyCount "61"]
[EventDate "2003.??.??"]
[EventType "swiss (corr)"]
[EventRounds "2"]
[SourceTitle "Corr 2020"]
[Source "ChessBase"]
[SourceDate "2019.09.30"]
[SourceVersion "1"]
[SourceVersionDate "2019.09.30"]
[SourceQuality "1"]
[WhiteTeam "United States"]
[BlackTeam "United States"]
[WhiteTeamCountry "USA"]
[BlackTeamCountry "USA"]

1. e4 c6 2. Nc3 d5 3. Nf3 Bg4 4. Be2 e6 5. Ne5 Bxe2 6. Qxe2 d4 7. Na4 b5 8. Qf3 Qf6 9. Ng4 Qxf3 10. gxf3 bxa4 11. d3 Nd7 12. Bd2 Rb8 13. 0-0-0 Ngf6 14. Nxf6+ Nxf6 15. Rhg1 g6 16. Rg5 Bh6 17. Ra5 Bxd2+ 18. Rxd2 Rb7 19. Rxa4 Nd7 20. Rxd4 Ne5 21. Rd1 Nxd3+ 22. R4xd3 0-0 23. Rd6 Rc8 24. e5 Rb5 25. f4 Rb4 26. R1d2 Rxf4 27. Rd7 Re4 28. Rxa7 Re1+ 29. Rd1 Rxe5 30. Rdd7 Rf5 31. a4 1-0